[Event "15th EUR-ch (w)"]
[Site "Plovdiv BUL"]
[Date "2014.07.17"]
[Round "11.47"]
[White "Topel, Zehra"]
[Black "Vasova, Maria"]
[Result "1/2-1/2"]
[WhiteElo "2170"]
[BlackElo "1991"]
[EventDate "2014.07.06"]
[PlyCount "136"]

1.d4 d5 2.c4 c6 3.Nc3 Nf6 4.Nf3 dxc4 5.Ne5 b5 6.a4 b4 7.Na2 e6 8.Nxc4 c5 
9.e3 Nc6 10.Qf3 Qd5 11.dxc5 Qxf3 12.gxf3 Bxc5 13.Bd2 O-O 14.Nc1 Ba6 15.Nb3
Be7 16.Rc1 Bb7 17.e4 Rac8 18.Be3 Ba8 19.Be2 Rfd8 20.O-O Ne8 21.Rc2 Bf6 22.
Ncd2 Ne7 23.Rfc1 Rxc2 24.Rxc2 Rc8 25.Rxc8 Nxc8 26.Nd4 Ned6 27.b3 Bd8 28.
Ba6 Bb7 29.Bxb7 Nxb7 30.Nc6 a5 31.Nxd8 Nxd8 32.Nc4 Nb7 33.Kf1 Kf8 34.Ke2 
Ke7 35.Kd3 f6 36.f4 Kd7 37.e5 fxe5 38.Nxe5+ Kc7 39.Bd4 Ncd6 40.Nf3 Nf5 41.
Ng5 Kd6 42.Kc4 h6 43.Be5+ Kc6 44.Nxe6 g6 45.Nf8 Nh4 46.Bf6 Nf3 47.Kd3 Nc5+
48.Ke2 Nxh2 49.f3 Nxb3 50.Nxg6 Nc5 51.Bd4 Nxa4 52.f5 Kd5 53.f6 Ke6 54.Nh8 
Nc5 55.Bxc5 Kxf6 56.Bd4+ Kf5 57.Nf7 a4 58.Bc5 b3 59.Ba3 Kf4 60.Bc1+ Kg3 
61.f4 h5 62.f5 Ng4 63.Bb2 h4 64.Ne5 a3 65.Bxa3 Nxe5 66.Bd6 b2 67.Bxe5+ Kg4
68.Bxb2 Kxf5 1/2-1/2

[Event "15th EUR-ch (w)"]
[Site "Plovdiv BUL"]
[Date "2014.07.17"]
[Round "11.48"]
[White "Sargsian, Shushanna"]
[Black "Antova, Gabriela"]
[Result "1-0"]
[WhiteElo "2107"]
[BlackElo "1876"]
[EventDate "2014.07.06"]
[PlyCount "129"]

1.Nf3 d5 2.d4 e6 3.c4 Be7 4.e3 Nf6 5.Nbd2 O-O 6.b3 b6 7.Bb2 Bb7 8.Bd3 c5 
9.O-O Nbd7 10.Qc2 Rc8 11.Ne5 h6 12.f4 b5 13.Qd1 cxd4 14.exd4 bxc4 15.bxc4 
dxc4 16.Ndxc4 Nb6 17.Nxb6 Qxb6 18.Qe2 Rfd8 19.f5 Bd5 20.fxe6 Bxe6 21.Rf2 
Bd6 22.h3 Bc7 23.Raf1 Qd6 24.Bb1 Nd7 25.Qe4 Nf8 26.Qe3 Ng6 27.Bxg6 fxg6 
28.Rc1 Bb6 29.Rxc8 Bxc8 30.Rd2 Bf5 31.Nc4 Qd5 32.Nxb6 axb6 33.a3 Be4 34.
Re2 Re8 35.Qc3 Qc6 36.d5 Qxc3 37.Bxc3 Kf7 38.d6 Bc6 39.Rf2+ Ke6 40.Bxg7 
Kxd6 41.Bxh6 b5 42.Kh2 Be4 43.Kg3 Bf5 44.Kh4 Ke6 45.Kg5 Ra8 46.g4 Be4 47.
Bf8 Ra7 48.Rf6+ Ke5 49.Bb4 Rd7 50.h4 Bd3 51.Rb6 Rh7 52.Rd6 Be4 53.Rd8 Bb1 
54.Rg8 Ke6 55.Rf8 Bc2 56.Rf2 Bd3 57.Rf6+ Ke5 58.Bc3+ Kd5 59.Rf4 Be2 60.Bf6
Ra7 61.Rd4+ Kc6 62.Kxg6 Rxa3 63.h5 Bd3+ 64.Rxd3 Rxd3 65.h6 1-0

[Event "15th EUR-ch (w)"]
[Site "Plovdiv BUL"]
[Date "2014.07.17"]
[Round "11.49"]
[White "Litvinenko, Ekaterina"]
[Black "Dragomirescu, Angela"]
[Result "0-1"]
[WhiteElo "1978"]
[BlackElo "2251"]
[EventDate "2014.07.06"]
[PlyCount "92"]

1.e4 d6 2.d4 Nf6 3.Nc3 e5 4.Nge2 Be7 5.g3 c6 6.a4 a5 7.Bg2 Na6 8.O-O Nb4 
9.h3 Be6 10.Be3 Bc4 11.b3 Ba6 12.Nb1 d5 13.c3 Nd3 14.dxe5 Nxe4 15.f3 Nec5 
16.f4 O-O 17.f5 Nd7 18.f6 Bc5 19.Bxc5 N3xc5 20.fxg7 Re8 21.b4 Bxe2 22.Qxe2
axb4 23.cxb4 Rxa4 24.Nc3 Rxa1 25.Rxa1 Rxe5 26.Qc2 Ne6 27.Kh2 Kxg7 28.Ne2 
Qg5 29.Rf1 Re3 30.Rf5 Qg6 31.Qb2+ Kg8 32.g4 Ng7 33.Rf1 Qd6+ 34.Kh1 Qe5 35.
Nd4 Re1 36.Qf2 Rxf1+ 37.Bxf1 Nf6 38.Nf3 Qf4 39.Bd3 Ne4 40.Qg2 Ne6 41.Bxe4 
Qxe4 42.Kh2 Qxb4 43.Nh4 Qf4+ 44.Kh1 Ng5 45.Kg1 Qe3+ 46.Kh2 Qe5+ 0-1

[Event "15th EUR-ch (w)"]
[Site "Plovdiv BUL"]
[Date "2014.07.17"]
[Round "11.50"]
[White "Khalafova, Narmin"]
[Black "Shabanaj, Eglantina"]
[Result "1-0"]
[WhiteElo "2191"]
[BlackElo "2046"]
[EventDate "2014.07.06"]
[PlyCount "65"]

1.e4 d6 2.c4 Nf6 3.Nc3 e5 4.g3 g6 5.Bg2 Bg7 6.Nge2 O-O 7.O-O c6 8.d4 Nbd7 
9.h3 Qc7 10.Be3 a5 11.Qd2 Re8 12.g4 Nf8 13.f4 h5 14.g5 N6h7 15.f5 exd4 16.
Nxd4 Be5 17.Rf2 Bd7 18.Raf1 Re7 19.Rf3 Rd8 20.Rd1 Qc8 21.Qf2 Be8 22.h4 Bd7
23.Nde2 c5 24.Nd5 Ree8 25.Bd2 Bxb2 26.Bxa5 Rxe4 27.Ng3 Ba4 28.Nxe4 Re8 29.
Qxb2 Rxe4 30.Rdf1 Qe8 31.fxg6 Nxg6 32.Rxf7 Rd4 33.Qxb7 1-0

[Event "15th EUR-ch (w)"]
[Site "Plovdiv BUL"]
[Date "2014.07.17"]
[Round "11.51"]
[White "Mammadova, Narmin"]
[Black "Galunova, Tsveta"]
[Result "1-0"]
[WhiteElo "2019"]
[BlackElo "2125"]
[EventDate "2014.07.06"]
[PlyCount "57"]

1.e4 e5 2.Nf3 Nc6 3.Nc3 Nf6 4.Be2 Bc5 5.Nxe5 Nxe5 6.d4 Bb4 7.dxe5 Nxe4 8.
Qd4 Nxc3 9.bxc3 Be7 10.Qg4 g6 11.Bh6 d6 12.Qd4 c5 13.Qe3 a6 14.O-O Be6 15.
exd6 Bxd6 16.Bf3 Qc7 17.g3 O-O-O 18.Rfb1 b6 19.Qe4 Qa7 20.Bg5 Rd7 21.Qc6+ 
Bc7 22.Rd1 h6 23.Bf6 Re8 24.Re1 Rg8 25.Rad1 Rxd1 26.Rxd1 Kb8 27.Rb1 Rc8 
28.Be5 Bd7 29.Rxb6+ 1-0

[Event "15th EUR-ch (w)"]
[Site "Plovdiv BUL"]
[Date "2014.07.17"]
[Round "11.53"]
[White "Sop, Selen"]
[Black "Mareckova, Martina"]
[Result "0-1"]
[WhiteElo "1970"]
[BlackElo "2094"]
[EventDate "2014.07.06"]
[PlyCount "124"]

1.e4 e5 2.Nf3 Nc6 3.Bb5 a6 4.Bxc6 dxc6 5.O-O f6 6.d4 exd4 7.Nxd4 c5 8.Ne2 
Qxd1 9.Rxd1 Bd7 10.Nbc3 O-O-O 11.Be3 b6 12.Rd2 Re8 13.Rad1 Bc6 14.f3 Ne7 
15.Bf4 Ng6 16.Bg3 Ne5 17.Bxe5 fxe5 18.Nd5 c4 19.b3 Bc5+ 20.Kf1 cxb3 21.
axb3 Rhf8 22.c3 a5 23.Nc1 Bb5+ 24.c4 Ba6 25.Nc3 Rd8 26.Rxd8+ Rxd8 27.Rxd8+
Kxd8 28.Ke2 c6 29.Kd3 b5 30.N1e2 Kd7 31.Ng3 g6 32.Nge2 Kd6 33.f4 exf4 34.
Nxf4 Ke5 35.Nfe2 h5 36.Nb1 a4 37.bxa4 bxa4 38.Nd2 a3 39.Nf3+ Kf6 40.Nc3 g5
41.Nd4 Bb7 42.Nb3 Bd6 43.h3 Bc8 44.Nd4 Bd7 45.Nc2 Ke5 46.Nd4 Kf6 47.Nc2 
Be8 48.Nd4 Be5 49.Na2 g4 50.hxg4 hxg4 51.Nc2 Bb2 52.Ncb4 Ke5 53.Ke3 Bd4+ 
54.Kd3 c5 55.Nc2 Bg6 56.Nxa3 Bxe4+ 57.Ke2 Bxg2 58.Nc2 Bf3+ 59.Kf1 Bb2 60.
Kf2 Be4 61.Ne3 Bb1 62.Nd1 Bd4+ 0-1

[Event "15th EUR-ch (w)"]
[Site "Plovdiv BUL"]
[Date "2014.07.17"]
[Round "11.54"]
[White "Soyunlu, Narmin"]
[Black "Kouvatsou, Maria"]
[Result "0-1"]
[WhiteElo "1936"]
[BlackElo "2152"]
[EventDate "2014.07.06"]
[PlyCount "60"]

1.c4 Nf6 2.g3 g6 3.Bg2 Bg7 4.Nc3 O-O 5.e4 d6 6.Nge2 c5 7.d3 Nc6 8.h3 a6 9.
a3 Bd7 10.Be3 Ne8 11.O-O Nc7 12.d4 cxd4 13.Nxd4 Ne6 14.Nde2 Na5 15.b3 b5 
16.cxb5 Bxb5 17.Nxb5 axb5 18.Rc1 Rc8 19.Qd3 Nc5 20.Bxc5 dxc5 21.Qxb5 Rb8 
22.Qa4 Nxb3 23.Rfd1 Nxc1 24.Rxd8 Nxe2+ 25.Kf1 Rfxd8 26.Kxe2 Rb2+ 27.Ke1 
Bc3+ 28.Kf1 Rdd2 29.Kg1 Rxf2 30.Bf1 Bd4 0-1

[Event "15th EUR-ch (w)"]
[Site "Plovdiv BUL"]
[Date "2014.07.17"]
[Round "11.55"]
[White "Vasileva, Cveta"]
[Black "Kaya, Emel"]
[Result "0-1"]
[WhiteElo "1598"]
[BlackElo "1987"]
[EventDate "2014.07.06"]
[PlyCount "114"]

1.d4 Nf6 2.c4 g6 3.Nc3 d5 4.cxd5 Nxd5 5.e4 Nxc3 6.bxc3 Bg7 7.Bc4 c5 8.Ne2 
O-O 9.O-O Qc7 10.Qc2 Nd7 11.Be3 Rb8 12.a4 Nb6 13.Ba2 cxd4 14.Bxd4 Bd7 15.
Bb3 Rbc8 16.Rac1 Bxd4 17.Nxd4 Nc4 18.Qa2 Na5 19.Bd1 Qc4 20.Qa3 Qc5 21.Qb2 
e5 22.Nb3 Qb6 23.Qa3 Nc4 24.Qa1 Qc6 25.a5 Qa4 26.Qb1 Qa3 27.Rc2 Bc6 28.Re1
Rfd8 29.Ra2 Bxe4 30.Qa1 Qd6 31.Bg4 f5 32.Rd1 Qc6 33.Bh3 Qb5 34.Nd2 Nxd2 
35.Raxd2 Rxd2 36.Rxd2 Qb1+ 37.Qxb1 Bxb1 38.f3 Rc7 39.Rd5 e4 40.Rb5 Bd3 41.
Re5 Rxc3 42.Kf2 Kf7 43.g4 Kf6 44.Rd5 Bc4 45.Rd7 Rxf3+ 46.Kg1 Rxh3 47.gxf5 
gxf5 48.Rxb7 a6 49.Kg2 Rf3 50.Rxh7 Bf1+ 51.Kg1 Bh3 52.Rh6+ Ke5 53.Rxh3 
Rxh3 54.Kg2 Rc3 55.h4 Kf4 56.h5 Rc2+ 57.Kf1 e3 0-1

[Event "15th EUR-ch (w)"]
[Site "Plovdiv BUL"]
[Date "2014.07.17"]
[Round "11.56"]
[White "Brezalieva, Steliyana"]
[Black "Krasteva, Beloslava"]
[Result "1/2-1/2"]
[WhiteElo "1456"]
[BlackElo "1361"]
[EventDate "2014.07.06"]
[PlyCount "83"]

1.d4 e6 2.c4 f5 3.Nf3 Nf6 4.e3 Be7 5.Nc3 O-O 6.Bd2 b6 7.h3 Bb7 8.Rg1 d5 9.
Qb3 Kh8 10.cxd5 exd5 11.Ne2 Ne4 12.Nf4 Qd7 13.Bd3 c5 14.dxc5 Nxc5 15.Qc2 
Ne4 16.g4 fxg4 17.Rxg4 Na6 18.Bxe4 dxe4 19.Nd4 Nc5 20.b4 Na6 21.a3 Nc7 22.
Rc1 Rac8 23.Qb2 Bf6 24.Bc3 Nd5 25.Nxd5 Bxd5 26.Ne2 Bb7 27.Bxf6 Rxc1+ 28.
Qxc1 Rxf6 29.Ng3 Qe8 30.Qc7 Rf7 31.Qc4 Qf8 32.Qc2 Rf3 33.Qd2 h6 34.Rf4 
Rxf4 35.exf4 Qf6 36.Qc1 Qd4 37.Ne2 Qd3 38.Qe3 Qb1+ 39.Qc1 Qd3 40.Qe3 Qb1+ 
41.Qc1 Qd3 42.Qe3 1/2-1/2

[Event "15th EUR-ch (w)"]
[Site "Plovdiv BUL"]
[Date "2014.07.17"]
[Round "11.57"]
[White "Balimezova, Margarita"]
[Black "Nevioselaya, Maria"]
[Result "0-1"]
[WhiteElo "1631"]
[BlackElo "2039"]
[EventDate "2014.07.06"]
[PlyCount "44"]

1.d4 d5 2.Nf3 Nf6 3.c4 c6 4.e3 Bf5 5.Nc3 e6 6.h3 h6 7.cxd5 exd5 8.Be2 Bd6 
9.a3 Ne4 10.Nxe4 dxe4 11.Nd2 O-O 12.b4 a6 13.Bb2 Nd7 14.Qb3 Nb6 15.Nc4 
Nxc4 16.Bxc4 b5 17.Be2 Be6 18.Qc3 Bd5 19.h4 a5 20.Kd2 axb4 21.axb4 Qe7 22.
Ba3 Rxa3 0-1